000 00496nam a2200169Ia 4500
008 090201s9999 xx 000 0 und d
010 _aKPL-59862
040 _bमराठी
041 _aमराठी
082 _a10565
_b59862
100 _aल मो बांदेकर
245 _aअंबा
_cल मो बांदेकर
260 _c2004
_bमॅजेस्टिक प्रकाशन
300 _a60
_bमोठा
600 _aअंबा
942 _cBOOK
999 _c211004
_d211004